Регионална библиотека "Любен Каравелов" - Русе

Любими приказки за най-малките (Запис номер 324431)

MARC детайли
000 -Лидер
Контролно поле с фиксирана дължина 01824naa a2200313 a 4500
003 - Код на организацията, давaща контролен номер
Контролно поле BLK
005 - Дата и час на последна редакция
Контролно поле 20250314171411.0
008 - Елементи от данни с фиксирана дължина
fixed length control field 180913b bul||||| |||| 00| 0 bul d
020 ## - Международен стандартен номер на книга ISBN
Международен стандартен номер на книга ISBN 978-619-7378-37-5
040 ## - Източник на каталожния запис
Идентификатор на билиотеката - собственик на записа BLK
041 ## - Код за език
Код за езика на текст/звукозапис или на отделно заглавие Български
Код за езика КДБФ Български
080 ## - УДК
Текстов определител УДК Литература на отделни езици и езикови семейства
УДК код - определител по УДК 821
УДК определител -93-34
УДК - код + определител 821-93-34
139 ## - Редно поле
Редна дума Любими приказки за най-малките
Авторски знак Люб - Л 95
245 ## - Сведения за заглавието
Заглавие Любими приказки за най-малките
Редно поле (дума) ил. Йост Крамар ; прев. от рус. Стефана Кръстева
257 ## - Страна на издаване
Страна на създаване/издаване България
260 ## - Област на издателските данни
Година на издаване 2017
9 (RLIN) 209525
Място на издаване, разпространение и проч. София
Име на издателя, разпространителя и проч. Знание
Издателство - префикс ISBN 978-954-621-
300 ## - Физическа характеристика
Страници 128 с.
Илюстрации и др. с цв. ил.
Размери/Мащаб 28 см
380 ## - Жанр
Жанр Детска худож. лит.
500 ## - Общи забележки
Забележка Ориг. загл.: Любимые сказки для самых маленьких. - Съдържа: Котаракът Котофеич ; Котаракът, петелът и лисицата ; Житената питка ; Двете весели гъски ; Златокоска и трите мечки ; Трите прасенца ; Кокошката Калина ; Червената шапчица ; Вълкът и седемте козлета ; Маша и мечокът ; На страха очите са големи ; Колибката ; Дядо вади ряпа ; Дядовата ръкавичка ; Котаракът в чизми
700 ## - Други автори (авторска отговорност)
9 (RLIN) 599
Лично име Крамар, Йост
Автороска отговорност (Описва отношението между автора и произведението) ил.
700 ## - Други автори (авторска отговорност)
9 (RLIN) 310001
Лично име Кръстева, Цветана
Автороска отговорност (Описва отношението между автора и произведението) прев.
765 ## - Описание на заглавието на оригиналният език
Редна дума на основното описание Любимые сказки для самых маленьких
852 ## - Местоположение
Форматна сигнатура Цб ІІ 22607
999 ## - СИСТЕМНИ КОНТРОЛНИ НОМЕРА
Koha biblionumber 324431
Koha biblioitemnumber 324431
942 ## - АРТИКУЛИ
Вид на библиотечния материал Книги
Източник на класификационната схема Universal Decimal Classification
Скрит в OPAC Не
Периодичен библиозапис Да
Koha issues (borrowed), all copies 25
999 ## - СИСТЕМНИ КОНТРОЛНИ НОМЕРА
Koha biblioitemnumber 324431
999 ## - СИСТЕМНИ КОНТРОЛНИ НОМЕРА
Koha biblioitemnumber 324431
999 ## - СИСТЕМНИ КОНТРОЛНИ НОМЕРА
Koha biblioitemnumber 324431
944 ## - СЪЗДАВАНЕ И РЕДАКЦИЯ на ЗАПИСА
Служител, извършил регистрацията/редакцията 30543
Статус, дата на статуса Ива Цветкова
Наличности
Код за отписване Код за изгубен артикул Източник на класификационната схема Код за повреда Коз за рестрикции Код за отдаване Артикулен № Име на библиотеката - собственик Име на библиотеката, в която се намира в момента Статус (Текущо местоположение) Дата на вписване в системата Местоположение - отдел Цена в лева Инвентарен номер Систематично азбучна сигнатура Баркод Цена в евро Служебен тип на артикула
  Не е изгубен Universal Decimal Classification Не е повреден   ползва се в читалня 680287 Регионална библиотека "Любен Каравелов" Русе Регионална библиотека "Любен Каравелов" Русе Хранилище 2018-09-12 Хранилище 12.00 120000822865 Цб ІІ 22607 120000822865 6.14 Книги
  Не е изгубен Universal Decimal Classification Не е повреден без рестрикции заемане за дома 837357 Регионална библиотека "Любен Каравелов" Русе Регионална библиотека "Любен Каравелов" Русе Детски отдел 2021-06-16 Детски отдел 15.00   821-93/Л 95 120000856646 7.67 Книги
Vip Innovations Ltd, Rousse, Bulgaria 2025